000
00293nam a22001337a 4500
008
190311b xxu||||| |||| 00| 0 eng d
020
_a
9780617910014
041
_a
eng
080
_a
510
100
_a
36
101
_a
MAT
245
_a
Brief applied calculus
_c
Wilson,F.C
942
_2
udc
_c
BK
999
_c
54669
_d
54669